|
|
|
|
| LEADER |
00000cam a2200000 a 4500 |
| 001 |
vtls008393235 |
| 003 |
SK-MaSNL |
| 005 |
20260302093807.0 |
| 008 |
251124s1954 xo 000 0 hun |
| 015 |
|
|
|a SNBA19451955-009990
|
| 035 |
|
|
|a SK01SNKBKSFS20010085452
|
| 035 |
|
|
|a SKM000087915
|
| 040 |
|
|
|a SNK
|b slo
|c SNK
|e AACR2
|
| 041 |
1 |
|
|a hun
|h slo
|
| 044 |
|
|
|a xo
|c SK
|
| 080 |
|
|
|a 632
|2 1981
|
| 100 |
1 |
|
|a Rácz, Jozef,
|d 1909-1984
|4 aut
|9 197870
|
| 245 |
1 |
0 |
|a Harc a gyomokkal
|c Jozef Rácz ; ill. Jablánczy Miklós
|
| 260 |
|
|
|a Košice
|b KNB
|c [1954]
|e Košice
|f Pravda
|
| 300 |
|
|
|a 48 s.
|c V. 8°
|
| 650 |
0 |
7 |
|a buriny
|2 SNKPH
|9 15855
|
| 655 |
|
7 |
|a príručky
|2 SNKPH
|9 74364
|
| 700 |
1 |
|
|a Jablánczy, Miklós
|4 ill
|9 764984
|
| 852 |
|
|
|a Slovenská národná knižnica v Martine
|b 10000
|h MS SD 9066
|
| 852 |
|
|
|a Univerzitná knižnica v Bratislave
|b 300000
|h SD 5439
|
| 852 |
|
|
|a Štátna vedecká knižnica v Košiciach
|b 900000
|h II 20209
|
| 852 |
|
|
|a Národní knihovna ČR Praha
|b 9090000
|h I 90709
|
| 852 |
|
|
|a Univerzitní knihovna Praha
|b 9230000
|h G 20563
|
| 958 |
|
|
|a OND
|
| 958 |
|
|
|a RK
|
| 958 |
|
|
|a TL
|
| 999 |
|
|
|c 1210495
|d 1212425
|
| 952 |
|
|
|a SNK
|b SNK
|y PREZ
|7 0
|p 17A0394986
|o snkSD 9066
|i snk928/54
|0 0
|1 0
|4 0
|d 2003-09-02
|l 0
|r 2025-11-21 00:00:00
|w 2026-02-24
|
| 952 |
|
|
|a SNK
|b SNK
|y VYP
|7 0
|p 17A1076961
|o snkSD 9066 D1
|i snkI. 6813/54
|0 0
|1 0
|4 0
|d 2014-10-21
|l 0
|r 2026-02-24 23:11:12
|w 2026-02-24
|